Los desafíos del desarrollo en América Latina : (Registro nro. 3733)

Detalles MARC
000 -LEADER
fixed length control field 01447nam a2200277Ia 4500
003 - CONTROL NUMBER IDENTIFIER
control field OSt
005 - DATE AND TIME OF LATEST TRANSACTION
control field 20200717230106.0
008 - FIXED-LENGTH DATA ELEMENTS--GENERAL INFORMATION
fixed length control field 191128s2011 fr adb fr 000 0 spa d
040 ## - CATALOGING SOURCE
Original cataloging agency CO-JMCR
Transcribing agency CO-JMCR
041 0# - LANGUAGE CODE
Language code of text/sound track or separate title spa
082 04 - DEWEY DECIMAL CLASSIFICATION NUMBER
Classification number 338.98 /
Item number Q394d
Edition number 23
100 1# - MAIN ENTRY--PERSONAL NAME
Personal name Quenan, Carlos,
Relator term coordinador
9 (RLIN) 7490
245 14 - TITLE STATEMENT
Title Los desafíos del desarrollo en América Latina :
Remainder of title dinámicas socioeconómicas y políticas públicas /
Statement of responsibility, etc. Coordinador Carlos Quenan y Sébastien Velut
260 ## - PUBLICATION, DISTRIBUTION, ETC.
Place of publication, distribution, etc. Paris :
Name of publisher, distributor, etc. Agence Française de Développement,
Date of publication, distribution, etc. 2011
300 ## - PHYSICAL DESCRIPTION
Extent 395 páginas :
Other physical details gráficas y mapas ;
Dimensions 23 cm.
504 ## - BIBLIOGRAPHY, ETC. NOTE
Bibliography, etc. note bibliografía: página 385
505 0# - FORMATTED CONTENTS NOTE
Formatted contents note Dinámicas económicas: tendencias y perspectivas -- Demografía, pobreza y desigualdades -- El papel del Estado -- Políticas públicas -- Las relaciones Unión Europea - América Latina
520 3# - SUMMARY, ETC.
Summary, etc. Más allá de una diversidad de situciones nacionales y regionales, América Latina presenta rasgos comunes que le confieren un lugar particular en el mundo. Una posición que se destaca por una serie de atributos.
650 14 - SUBJECT ADDED ENTRY--TOPICAL TERM
Topical term or geographic name entry element Desarrollo económico
Geographic subdivision América Latina
9 (RLIN) 7491
650 14 - SUBJECT ADDED ENTRY--TOPICAL TERM
Topical term or geographic name entry element Integración regional
Geographic subdivision América Latina
9 (RLIN) 7492
650 14 - SUBJECT ADDED ENTRY--TOPICAL TERM
Topical term or geographic name entry element Política pública
Geographic subdivision América Latina
9 (RLIN) 7493
651 #4 - SUBJECT ADDED ENTRY--GEOGRAPHIC NAME
Geographic name América Latina
General subdivision política social
9 (RLIN) 7494
651 #4 - SUBJECT ADDED ENTRY--GEOGRAPHIC NAME
Source of heading or term América Latina
General subdivision política económica
9 (RLIN) 7451
700 1# - ADDED ENTRY--PERSONAL NAME
Personal name Velut, Sébastien,
Relator term coordinador
9 (RLIN) 7495
942 ## - ADDED ENTRY ELEMENTS (KOHA)
Source of classification or shelving scheme Dewey Decimal Classification
Koha item type Books
Existencias
Withdrawn status Lost status Source of classification or shelving scheme Damaged status Not for loan Collection code Home library Current library Date acquired Source of acquisition Full call number Barcode Date last seen Copy number Koha item type
    Dewey Decimal Classification     Non-fiction Biblioteca Pública José María del Castillo y Rada Biblioteca Pública José María del Castillo y Rada 04/12/2018 Donación 338.98 / Q394d 201807861 05/16/2024 Ej.1 Books